00509nam a2200145Ia 4500008004100000041000800041082001600049100002200065245003800087260004400125300002000169520004300189999001700232952011400249240719s9999 xx 000 0 und d aeng a294.592 SUK aSukthankar, V. S. aOn The Meaning Of The Mahabharata aNew DelhibMotilal Banarsidas Pubc2016 a146.; P. 22 Cm. aGifted By : IMT Faculty Dr. Pawan Jain c41283d41283 00104070aIMTNbIMTNcRack 4-Ad2023-02-06o294.592 SUKp32978r2024-07-19 00:00:00w2024-07-19yBKzGifted